[Event "51 CIS serie B/4"]
[Site "?"]
[Date "2019.03.16"]
[Round "3.4"]
[White "Cecchetto, Vanni"]
[Black "Arifi, Krenar"]
[Result "1-0"]
[WhiteElo "1789"]
[BlackElo "1622"]
[PlyCount "113"]
[EventDate "2019.??.??"]
[WhiteTeam "Clodiense 1"]
[BlackTeam "Alto Garda"]

1. d4 Nf6 2. Nf3 d5 3. c4 e6 4. Nc3 c5 5. cxd5 Nxd5 6. e4 Nxc3 7. bxc3 cxd4 8.
cxd4 Bb4+ 9. Bd2 Bxd2+ 10. Qxd2 O-O 11. Be2 Bd7 12. O-O Bc6 13. Qe3 Nd7 14. h3
Nf6 15. Bd3 Rc8 16. Rac1 Qa5 17. Bb1 b6 18. Rc3 Qa6 19. Ne5 Qb7 20. Nxc6 Rxc6
21. Rfc1 Rfc8 22. Rxc6 Rxc6 23. Rd1 Qc7 24. d5 exd5 25. exd5 Rd6 26. Be4 g6 27.
Bf3 Kg7 28. Qe5 Rd7 29. d6 Qc5 30. Rd5 Qc2 31. Bg4 Qxa2 32. Rd1 Rd8 33. d7 Qa5
34. Qc7 Nxg4 35. Qxd8 Qa4 36. Re1 Nf6 37. Qc7 Qxd7 38. Qxd7 Nxd7 39. Re7 Nc5
40. Rxa7 Kf6 41. f3 Ke6 42. Kf2 Nd7 43. Ke3 Ne5 44. f4 Nc4+ 45. Kd4 Nd6 46. Ra6
Nc8 47. g4 h5 48. Ra8 Nd6 49. Ra6 Nc8 50. Ra8 Nd6 51. Rb8 b5 52. Rb6 Ke7 53.
Kd5 Ne8 54. Rb7+ Kf6 55. g5+ Kg7 56. Kc6 Kf8 57. Kd7 1-0

[Event "51 CIS serie B/4"]
[Site "?"]
[Date "2019.03.16"]
[Round "3.1"]
[White "Mameli, Gianluca"]
[Black "Ventura, Salvatore"]
[Result "1-0"]
[WhiteElo "2101"]
[BlackElo "2122"]
[PlyCount "51"]
[EventDate "2019.??.??"]
[WhiteTeam "Marrubiu Red Tal"]
[BlackTeam "Excelsior A"]

1. e4 c5 2. Nf3 e6 3. d4 cxd4 4. Nxd4 a6 5. Bd3 Nf6 6. O-O Qc7 7. Qe2 d6 8. c3
Be7 9. a4 b6 10. Bg5 Bb7 11. Nd2 Nbd7 12. Rfc1 Nc5 13. Bb1 h6 14. Bh4 g5 15.
Bg3 h5 16. e5 Nd5 17. b4 Nd7 18. exd6 Bxd6 19. Nxe6 fxe6 20. Qxe6+ Kd8 21. Bxd6
Qc6 22. b5 axb5 23. axb5 Qxb5 24. c4 Qc6 25. Be4 Nc5 26. cxd5 1-0

[Event "51 CIS serie B/4"]
[Site "?"]
[Date "2019.03.16"]
[Round "3.2"]
[White "Bonassi, Tommaso"]
[Black "Sonis, Luca"]
[Result "1/2-1/2"]
[WhiteElo "2127"]
[BlackElo "1913"]
[PlyCount "70"]
[EventDate "2019.??.??"]
[WhiteTeam "Excelsior A"]
[BlackTeam "Marrubiu Red Tal"]

1. e4 e5 2. Nf3 Nc6 3. Bc4 Bc5 4. O-O Nf6 5. d3 h6 6. c3 d6 7. a4 a5 8. h3 O-O
9. Re1 Bb6 10. Nbd2 Be6 11. Bxe6 fxe6 12. Qb3 Qd7 13. Nc4 Ra6 14. Nxb6 Rxb6 15.
Qd1 Ra6 16. Nh2 Qf7 17. Be3 Raa8 18. Ng4 Nxg4 19. Qxg4 Kh7 20. h4 Qg6 21. Qh3
Rf7 22. h5 Qf6 23. Qg4 Rg8 24. g3 g5 25. hxg6+ Rxg6 26. Qh5 d5 27. Re2 d4 28.
Bd2 Qf3 29. Qxf3 Rxf3 30. cxd4 exd4 31. Ra3 b6 32. e5 Rf5 33. Re4 Rxe5 34. Rxe5
Nxe5 35. Bf4 Nf3+ 1/2-1/2

[Event "51 CIS serie B/4"]
[Site "?"]
[Date "2019.03.16"]
[Round "3.3"]
[White "Pannella, Leopoldo"]
[Black "Guerini, Silvia jr"]
[Result "0-1"]
[WhiteElo "1877"]
[BlackElo "1930"]
[PlyCount "54"]
[EventDate "2019.??.??"]
[WhiteTeam "Marrubiu Red Tal"]
[BlackTeam "Excelsior A"]

1. e4 c5 2. Nf3 e6 3. d4 cxd4 4. Nxd4 Nf6 5. Nc3 d6 6. g3 Be7 7. Bg2 O-O 8. O-O
Bd7 9. h3 Nc6 10. Be3 Nxd4 11. Bxd4 Bc6 12. f4 a6 13. g4 Rc8 14. Be3 Qc7 15. g5
Nd7 16. Ne2 Nc5 17. Ng3 Rfd8 18. Bxc5 dxc5 19. Qg4 Rd2 20. f5 Bd6 21. fxe6 Bxg3
22. exf7+ Kf8 23. Qf5 Rcd8 24. Qxh7 Bf4 25. Qf5 Be3+ 26. Kh1 Qg3 27. Qg4 Rxg2
0-1

[Event "51 CIS serie B/4"]
[Site "?"]
[Date "2019.03.16"]
[Round "3.4"]
[White "Cappelletto, Joshuaede"]
[Black "Pani, Paolo"]
[Result "1-0"]
[WhiteElo "2097"]
[BlackElo "1833"]
[PlyCount "73"]
[EventDate "2019.??.??"]
[WhiteTeam "Excelsior A"]
[BlackTeam "Marrubiu Red Tal"]

1. e4 e5 2. Nf3 Nc6 3. Bc4 Bc5 4. b4 Bxb4 5. c3 Ba5 6. d4 d6 7. Qb3 Qe7 8. O-O
Bb6 9. Ba3 Nh6 10. Bb5 O-O 11. Bxc6 bxc6 12. Nxe5 Bb7 13. Nd2 c5 14. Nef3 cxd4
15. cxd4 Qd7 16. h3 Rfe8 17. Rfe1 d5 18. e5 Nf5 19. Qd3 a5 20. g4 Nh6 21. Ng5
g6 22. Ndf3 Kg7 23. e6 fxe6 24. Ne5 Qd8 25. Nxh7 Nf5 26. gxf5 Kxh7 27. fxg6+
Kg7 28. Rad1 Qf6 29. Re3 Ba6 30. Qc3 Qh4 31. Rg3 a4 32. Qf3 Qf6 33. Qg4 Qf5 34.
Qh4 Rh8 35. Qe7+ Kg8 36. g7 Rxh3 37. Qf8+ 1-0

[Event "51 CIS serie B/4"]
[Site "?"]
[Date "2019.03.16"]
[Round "3.1"]
[White "Rossi, Carlo"]
[Black "Sgaravatti, Francesco"]
[Result "0-1"]
[WhiteElo "2253"]
[BlackElo "2106"]
[PlyCount "130"]
[EventDate "2019.??.??"]
[WhiteTeam "Marostica Lasker"]
[BlackTeam "CIB Unigas Canal VE"]

1. g3 d5 2. Bg2 e5 3. c4 Nf6 4. cxd5 Nxd5 5. Nc3 Be6 6. Nf3 Nc6 7. O-O Be7 8.
d3 O-O 9. Bd2 h6 10. Nxd5 Bxd5 11. Bc3 Qd6 12. b4 a6 13. a4 Bf6 14. e4 Be6 15.
b5 Ne7 16. Qe1 c5 17. bxc6 Nxc6 18. Qb1 Rab8 19. a5 Rfd8 20. Qb2 Bg4 21. Ne1
Nd4 22. f3 Be6 23. Rf2 Be7 24. f4 f6 25. Nf3 Nxf3+ 26. Bxf3 Qxd3 27. Kg2 Rbc8
28. Rc1 exf4 29. gxf4 Qb5 30. Qa1 Bc5 31. Rb2 Qd7 32. Rd2 Qf7 33. Rxd8+ Rxd8
34. f5 Bc4 35. Rd1 Rd7 36. Qc1 Rxd1 37. Qxd1 Qe7 38. Qa4 Bb5 39. Qb3+ Qf7 40.
Qd1 Qc4 41. Qe1 Qa2+ 42. Kg3 Bc6 43. h4 Qc2 44. Bb4 Bd4 45. Bd6 Qb2 46. Kg4 Bc3
47. Qf1 Qb5 48. Be2 Qxa5 49. Bc4+ Kh8 50. Qd3 Qd8 51. Qg3 Bxe4 52. Be6 Bc6 53.
Kh3 a5 54. Bc7 Qd4 55. Bb6 Qe5 56. Qd3 Be8 57. Qd8 Qb5 58. Bc7 Kh7 59. Kg3 Be1+
60. Kf3 Qf1+ 61. Ke3 Qf2+ 62. Ke4 Bc6+ 63. Kd3 Qd2+ 64. Kc4 Qb4+ 65. Kd3 Qe4#
0-1

[Event "51 CIS serie B/4"]
[Site "?"]
[Date "2019.03.16"]
[Round "3.2"]
[White "Bianchi, Andrea"]
[Black "Micheli, Carlo"]
[Result "1/2-1/2"]
[WhiteElo "2088"]
[BlackElo "2224"]
[PlyCount "83"]
[EventDate "2019.??.??"]
[WhiteTeam "CIB Unigas Canal VE"]
[BlackTeam "Marostica Lasker"]

1. e4 c5 2. Nf3 e6 3. d4 cxd4 4. Nxd4 a6 5. Nc3 Qc7 6. Bd3 Nf6 7. O-O Nc6 8.
Nb3 b5 9. a3 Bb7 10. f4 d6 11. Be3 Be7 12. Qf3 h5 13. Kh1 Ng4 14. Bg1 g6 15.
Rad1 Rd8 16. Be2 f5 17. Qd3 Bf6 18. Rfe1 Ne7 19. Bf3 Kf7 20. exf5 gxf5 21. Nd4
Bxd4 22. Qxd4 Bxf3 23. gxf3 Qb7 24. Rd3 Ng6 25. Qb6 Qxb6 26. Bxb6 Nxf4 27. fxg4
Nxd3 28. cxd3 Rb8 29. Bc7 Rb7 30. Bxd6 hxg4 31. Be5 Rh3 32. d4 b4 33. axb4 Rxb4
34. Re2 a5 35. d5 exd5 36. Nxd5 Rbb3 37. Kg2 a4 38. Bg3 Rh6 39. Rf2 Ke6 40. Rd2
Kf7 41. Rf2 Ke6 42. Rd2 1/2-1/2

[Event "51 CIS serie B/4"]
[Site "?"]
[Date "2019.03.16"]
[Round "3.3"]
[White "Sader, Michael"]
[Black "Bertaglia, Luca"]
[Result "1/2-1/2"]
[WhiteElo "2216"]
[BlackElo "2066"]
[PlyCount "72"]
[EventDate "2019.??.??"]
[WhiteTeam "Marostica Lasker"]
[BlackTeam "CIB Unigas Canal VE"]

1. c4 c5 2. Nc3 Nc6 3. g3 g6 4. Bg2 Bg7 5. Nf3 e5 6. d3 Nge7 7. O-O O-O 8. Ne1
d6 9. Nc2 Rb8 10. Bg5 f6 11. Bd2 Be6 12. Ne3 Bf7 13. Rb1 f5 14. Ned5 Nxd5 15.
Nxd5 b5 16. cxb5 Ne7 17. Nxe7+ Qxe7 18. a4 d5 19. b4 c4 20. dxc4 dxc4 21. Bc3
Rfd8 22. Qc2 Rd6 23. Rbd1 Rbd8 24. Rxd6 Qxd6 25. Qb2 Bf8 26. Bc6 e4 27. Qc1 Bg7
28. a5 Bxc3 29. Qxc3 a6 30. Rb1 Rb8 31. bxa6 Qxc6 32. a7 Rb5 33. Rd1 Rd5 34.
Rb1 Rb5 35. Rd1 Rd5 36. Rb1 Rb5 1/2-1/2

[Event "51 CIS serie B/4"]
[Site "?"]
[Date "2019.03.16"]
[Round "3.4"]
[White "Ballarin, Gabriele"]
[Black "Thurner, Markus"]
[Result "0-1"]
[WhiteElo "1824"]
[BlackElo "1997"]
[PlyCount "104"]
[EventDate "2019.??.??"]
[WhiteTeam "CIB Unigas Canal VE"]
[BlackTeam "Marostica Lasker"]

1. e4 e6 2. d4 d5 3. e5 c5 4. c3 Nc6 5. Nf3 Qb6 6. a3 f6 7. b4 c4 8. Be2 a5 9.
Bb2 Be7 10. h4 Bd7 11. Nbd2 Nh6 12. Nf1 Nf7 13. exf6 gxf6 14. Ne3 Nd6 15. Qb1
Qc7 16. Bd1 a4 17. Bc2 b5 18. Bxh7 O-O-O 19. Bc2 Rdg8 20. Bc1 f5 21. g3 Ne4 22.
Bxe4 fxe4 23. Nd2 Rxg3 24. Nxe4 dxe4 25. Qxe4 Rg7 26. Bd2 Rgh7 27. Ng2 Nd8 28.
Qa8+ Qb8 29. Qxb8+ Kxb8 30. Bf4+ Kc8 31. Be5 Rf8 32. Ra2 Bc6 33. Rh2 Bxg2 34.
Rxg2 Rxh4 35. Rg7 Rf7 36. Rg8 Rh1+ 37. Ke2 Bh4 38. Ke3 Re1+ 39. Re2 Rxe2+ 40.
Kxe2 Rxf2+ 41. Ke3 Rf7 42. Ke4 Kd7 43. d5 exd5+ 44. Kxd5 Nc6 45. Rh8 Be7 46.
Rh5 Nxe5 47. Kxe5 Rf1 48. Ke4 Kc6 49. Rh6+ Bd6 50. Re6 Re1+ 51. Kd4 Rd1+ 52.
Ke4 Rd3 0-1

[Event "51 CIS serie B/4"]
[Site "?"]
[Date "2019.03.17"]
[Round "4.1"]
[White "Mosca, Leonildo"]
[Black "Sgaravatti, Francesco"]
[Result "0-1"]
[WhiteElo "2107"]
[BlackElo "2106"]
[PlyCount "46"]
[EventDate "2019.??.??"]
[WhiteTeam "Clodiense 1"]
[BlackTeam "CIB Unigas Canal VE"]

1. e4 c5 2. Nf3 Nc6 3. Bc4 e6 4. Nc3 a6 5. a4 Nf6 6. Qe2 Qc7 7. d3 Bd6 8. O-O
Nd4 9. Nxd4 cxd4 10. Nd1 Bxh2+ 11. Kh1 h5 12. f4 Ng4 13. Rf3 e5 14. Qf1 Bxf4
15. g3 d5 16. exd5 Bxc1 17. Rxc1 f5 18. c3 Bd7 19. cxd4 b5 20. dxe5 bxc4 21. e6
Bxa4 22. Rxc4 Qa5 23. Rxf5 Qd2 0-1

[Event "51 CIS serie B/4"]
[Site "?"]
[Date "2019.03.17"]
[Round "4.2"]
[White "Pastres, Roberto"]
[Black "Litrico, Paolo"]
[Result "1/2-1/2"]
[WhiteElo "2055"]
[BlackElo "1877"]
[PlyCount "127"]
[EventDate "2019.??.??"]
[WhiteTeam "CIB Unigas Canal VE"]
[BlackTeam "Clodiense 1"]

1. e4 e5 2. Bc4 Nc6 3. d3 Nf6 4. Nc3 Na5 5. Nge2 Nxc4 6. dxc4 c6 7. O-O Be7 8.
Ng3 d6 9. Qd3 O-O 10. b3 Ne8 11. Rd1 Be6 12. a4 Qc7 13. f3 Rd8 14. Be3 a5 15.
Bf2 Bh4 16. Qe3 Bxg3 17. hxg3 f5 18. Qb6 Qxb6 19. Bxb6 Ra8 20. c5 dxc5 21. Bxc5
Rf7 22. Rd2 Rd7 23. Rad1 Rxd2 24. Rxd2 fxe4 25. Nxe4 Bf5 26. Nf2 Nf6 27. g4 Bg6
28. Kf1 h6 29. Ke1 b5 30. Kd1 bxa4 31. bxa4 Rb8 32. Kc1 e4 33. Rd6 Re8 34. fxe4
Bxe4 35. g3 Bd5 36. Bb6 Ne4 37. Nxe4 Rxe4 38. Bxa5 Rxg4 39. Bc7 Rxa4 40. Rd8+
Kh7 41. Rd7 Rg4 42. Be5 Kg8 43. Kd2 Kf8 44. c3 h5 45. Kd3 g6 46. Rc7 Ke8 47.
Rh7 Bf7 48. Bd6 Kd7 49. Bf4 Ke6 50. Rh8 g5 51. Bc7 Bg6+ 52. Kd2 Kd5 53. Rh6 Bf7
54. Rh7 Ke6 55. Rh6+ Kd7 56. Be5 Re4 57. Bf6 g4 58. Bg5 Re5 59. Bf4 Rf5 60.
Rd6+ Ke7 61. Rh6 Bd5 62. Ke3 Kd7 63. Rg6 Kc8 64. Rg5 1/2-1/2

[Event "51 CIS serie B/4"]
[Site "?"]
[Date "2019.03.17"]
[Round "4.3"]
[White "Bacchini, Stefano"]
[Black "Bianchi, Andrea"]
[Result "0-1"]
[WhiteElo "1970"]
[BlackElo "2088"]
[PlyCount "134"]
[EventDate "2019.??.??"]
[WhiteTeam "Clodiense 1"]
[BlackTeam "CIB Unigas Canal VE"]

1. f4 d5 2. Nf3 Nf6 3. e3 Bg4 4. h3 Bxf3 5. Qxf3 Nbd7 6. c4 e5 7. cxd5 e4 8.
Qd1 Nxd5 9. g3 Nc5 10. a3 a5 11. b3 Be7 12. Bb2 Bf6 13. Ra2 O-O 14. Qc2 Qd6 15.
Bxf6 Nxf6 16. Nc3 Rfd8 17. Bc4 c6 18. O-O b5 19. Be2 Nd3 20. Rfa1 Qe6 21. Kg2
Rd6 22. Bxd3 Rxd3 23. b4 a4 24. Ne2 Rd6 25. Nd4 Qd5 26. Qc3 Rc8 27. Rc2 Nd7 28.
Rac1 Nb6 29. Qc5 Nc4 30. Nxb5 Qxc5 31. bxc5 Rxd2+ 32. Rxd2 Nxd2 33. Nd6 Rb8 34.
Rc2 Nb1 35. Rc4 Ra8 36. Nxe4 Nxa3 37. Rc1 Nb5 38. Ra1 a3 39. Nd6 Kf8 40. e4 a2
41. Nf5 Nc3 42. Nd4 Rb8 43. Kf3 Rb1 44. Nc2 Rb2 45. Ke3 Nxe4 46. Kxe4 Rxc2 47.
Kd4 Ke7 48. g4 g6 49. g5 Ke6 50. Ke4 Rc4+ 51. Kf3 Ra4 52. Ke3 Kf5 53. h4 Ra3+
54. Kd4 Kxf4 55. Rf1+ Kg4 56. Ra1 Kxh4 57. Ke5 Kxg5 58. Kd6 f5 59. Kxc6 f4 60.
Kd7 Rd3+ 61. Kc7 Rd2 62. c6 f3 63. Kc8 f2 64. c7 Rc2 65. Kd8 Kg4 66. Rxa2 Rxc7
67. Rxf2 Rc3 0-1

[Event "51 CIS serie B/4"]
[Site "?"]
[Date "2019.03.17"]
[Round "4.4"]
[White "Bertaglia, Luca"]
[Black "Ranzato, Paolo"]
[Result "0-1"]
[WhiteElo "2066"]
[BlackElo "1775"]
[PlyCount "87"]
[EventDate "2019.??.??"]
[WhiteTeam "CIB Unigas Canal VE"]
[BlackTeam "Clodiense 1"]

1. Nf3 e6 2. c4 f5 3. g3 Nf6 4. Bg2 c6 5. O-O Be7 6. Nc3 O-O 7. d4 Ne4 8. Qc2
d5 9. e3 Nd7 10. Ne2 Bd6 11. Nf4 Qe8 12. Nd3 Qh5 13. Nfe5 Ndf6 14. Nf4 Qh6 15.
f3 Ng5 16. Bd2 Nf7 17. Nxf7 Rxf7 18. e4 Bxf4 19. Bxf4 g5 20. Be5 dxe4 21. Rad1
exf3 22. Bxf3 Bd7 23. Qb3 Be8 24. Qe3 Qg6 25. Kh1 Rd7 26. Rfe1 Bf7 27. Qc3 Kg7
28. b4 a6 29. a4 Rc8 30. Qb2 g4 31. Bg2 h5 32. Re3 Rh8 33. Red3 h4 34. gxh4
Rxh4 35. d5 cxd5 36. cxd5 exd5 37. Kg1 Qg5 38. Bxd5 Rxd5 39. Rxd5 Bxd5 40. Rxd5
Qe3+ 41. Kf1 Qf3+ 42. Kg1 Qe3+ 43. Kf1 Qf3+ 44. Kg1 0-1

[Event "51 CIS serie B/4"]
[Site "?"]
[Date "2019.03.17"]
[Round "4.1"]
[White "Tiraboschi, Nicolò"]
[Black "Rossi, Carlo"]
[Result "1/2-1/2"]
[WhiteElo "2181"]
[BlackElo "2253"]
[PlyCount "86"]
[EventDate "2019.??.??"]
[WhiteTeam "Excelsior A"]
[BlackTeam "Marostica Lasker"]

1. e4 c6 2. c4 e5 3. Nf3 Nf6 4. Nc3 Bc5 5. Be2 O-O 6. O-O d5 7. d3 dxc4 8. Nxe5
cxd3 9. Qxd3 Qe7 10. Bf4 Na6 11. Rad1 Nc7 12. Bf3 Ne6 13. Be3 h6 14. Ng4 Nxg4
15. Bxg4 Nf4 16. Bxc5 Qxc5 17. Qg3 Bxg4 18. Qxg4 Ng6 19. Rd2 Ne5 20. Qf5 g6 21.
Qf6 Rae8 22. Rfd1 Re6 23. Qh4 Kg7 24. Qg3 h5 25. h3 Rh8 26. b3 h4 27. Qe3 Qxe3
28. fxe3 b5 29. Kf2 Kf6 30. Rd8 Rhe8 31. Ke2 Ke7 32. R8d4 a5 33. a4 bxa4 34.
Nxa4 Kf8 35. Nc5 R6e7 36. Ra1 Ra7 37. Rda4 Rae7 38. Rxa5 Rb8 39. Ra8 Ree8 40.
R8a5 Kg7 41. Rd1 Ra8 42. Rda1 Rxa5 43. Rxa5 Rb8 1/2-1/2

[Event "51 CIS serie B/4"]
[Site "?"]
[Date "2019.03.17"]
[Round "4.2"]
[White "Micheli, Carlo"]
[Black "Bonassi, Tommaso"]
[Result "1-0"]
[WhiteElo "2224"]
[BlackElo "2127"]
[PlyCount "65"]
[EventDate "2019.??.??"]
[WhiteTeam "Marostica Lasker"]
[BlackTeam "Excelsior A"]

1. c4 Nf6 2. Nc3 e6 3. Nf3 d5 4. e3 Be7 5. d4 O-O 6. Bd3 a6 7. b3 b6 8. Bb2 Bb7
9. O-O Nbd7 10. Qe2 Ne4 11. Nd2 f5 12. f3 Nxd2 13. Qxd2 Nf6 14. cxd5 Nxd5 15.
Rac1 Bd6 16. g3 Qf6 17. Nd1 Qh6 18. Qe2 Nb4 19. Bb1 a5 20. Rf2 Ba6 21. Qd2 Nd5
22. e4 Nf4 23. gxf4 Bxf4 24. Qc3 Rf6 25. Kh1 Qh3 26. Ne3 Rh6 27. d5 e5 28. Nxf5
Rh5 29. Qxc7 Rg5 30. Bxe5 Be2 31. Rc3 Bf1 32. Bxf4 Bg2+ 33. Kg1 1-0

[Event "51 CIS serie B/4"]
[Site "?"]
[Date "2019.03.17"]
[Round "4.3"]
[White "Colonetti, Fabio"]
[Black "Sader, Michael"]
[Result "1/2-1/2"]
[WhiteElo "2052"]
[BlackElo "2216"]
[PlyCount "64"]
[EventDate "2019.??.??"]
[WhiteTeam "Excelsior A"]
[BlackTeam "Marostica Lasker"]

1. e4 c5 2. Nf3 e6 3. d4 cxd4 4. Nxd4 a6 5. Bd3 Qc7 6. O-O Nc6 7. Nxc6 dxc6 8.
Nd2 e5 9. a4 Nf6 10. Nc4 b5 11. axb5 cxb5 12. Ne3 Bb7 13. f3 Bc5 14. Kh1 O-O
15. Qe2 Rfd8 16. Bd2 Rd7 17. Rfd1 Rad8 18. Ba5 Bb6 19. Bxb6 Qxb6 20. c4 bxc4
21. Nxc4 Qc5 22. b3 Qd4 23. Ne3 Qc3 24. Bc4 g6 25. Rxd7 Rxd7 26. Qe1 Qb2 27.
Kg1 h5 28. Rb1 Qa3 29. Ra1 Qb2 30. Rb1 Qa3 31. Ra1 Qb2 32. Rb1 Qa3 1/2-1/2

[Event "51 CIS serie B/4"]
[Site "?"]
[Date "2019.03.17"]
[Round "4.4"]
[White "Thurner, Markus"]
[Black "Cappelletto, Joshuaede"]
[Result "1/2-1/2"]
[WhiteElo "1997"]
[BlackElo "2097"]
[PlyCount "98"]
[EventDate "2019.??.??"]
[WhiteTeam "Marostica Lasker"]
[BlackTeam "Excelsior A"]

1. e4 g6 2. d4 Bg7 3. c4 c5 4. d5 d6 5. Nc3 Nf6 6. Bd3 O-O 7. Nge2 Na6 8. a3
Bd7 9. f3 e6 10. Bg5 h6 11. Bf4 exd5 12. exd5 Re8 13. Qd2 Nh5 14. Ne4 Nxf4 15.
Qxf4 Bf5 16. O-O Kh7 17. N2g3 Be5 18. Qd2 Bd7 19. f4 Bd4+ 20. Kh1 f5 21. Nxd6
Re3 22. Rae1 Rxe1 23. Rxe1 Qf6 24. Nb5 Bxb2 25. Re2 Bd4 26. Qe1 Rf8 27. Re7+
Rf7 28. Rxf7+ Qxf7 29. Nxd4 cxd4 30. Qe5 Qg7 31. Qd6 b6 32. h4 h5 33. Qe5 Nc5
34. Be2 d3 35. Bd1 d2 36. Nf1 Ne4 37. Qxg7+ Kxg7 38. Kg1 Nc3 39. Bxh5 gxh5 40.
Nxd2 Ne2+ 41. Kf2 Nxf4 42. g3 Ng6 43. Ke3 Kf6 44. Nf3 Ne5 45. Nd2 Ng6 46. Nf3
Ba4 47. Nd4 Bd7 48. c5 bxc5 49. Nb3 c4 1/2-1/2

[Event "51 CIS serie B/4"]
[Site "?"]
[Date "2019.03.17"]
[Round "4.1"]
[White "Lezzerini, Marco"]
[Black "Mameli, Gianluca"]
[Result "1/2-1/2"]
[WhiteElo "2089"]
[BlackElo "2101"]
[PlyCount "41"]
[EventDate "2019.??.??"]
[WhiteTeam "Alto Garda"]
[BlackTeam "Marrubio Red Tal"]

1. d4 Nf6 2. c4 e6 3. Nc3 Bb4 4. e3 b6 5. Nge2 Bb7 6. a3 Be7 7. d5 O-O 8. Ng3
d6 9. Be2 Nbd7 10. O-O Re8 11. e4 Bf8 12. f4 exd5 13. cxd5 Nc5 14. Qc2 a5 15.
b3 c6 16. Bf3 cxd5 17. exd5 Rc8 18. b4 axb4 19. axb4 Na6 20. Qb3 Qc7 21. Bd2
1/2-1/2

[Event "51 CIS serie B/4"]
[Site "?"]
[Date "2019.03.17"]
[Round "4.2"]
[White "Sonin, Luca"]
[Black "Mora, Massimo"]
[Result "0-1"]
[WhiteElo "1913"]
[BlackElo "1907"]
[PlyCount "124"]
[EventDate "2019.??.??"]
[WhiteTeam "Marrubiu Red Tal"]
[BlackTeam "Alto Garda"]

1. e4 c5 2. Nf3 d6 3. d4 cxd4 4. Nxd4 Nf6 5. Nc3 g6 6. Bc4 Bg7 7. O-O O-O 8. h3
Nc6 9. Nb3 a6 10. a4 Be6 11. Nd5 Nxe4 12. Re1 Bxd5 13. Bxd5 Nf6 14. Bxc6 bxc6
15. Qf3 c5 16. Bg5 h6 17. Bh4 Rb8 18. Rad1 Qc7 19. Qe2 Rb4 20. Qxe7 Qxe7 21.
Rxe7 Rxh4 22. Rxd6 Rxa4 23. Nxc5 Rc4 24. Nxa6 Rxc2 25. b4 Ne8 26. Rd8 Nf6 27.
Rd6 Rfc8 28. Re1 Rc1 29. Rdd1 Rxd1 30. Rxd1 Ne4 31. f3 Nc3 32. Rd7 Kf8 33. Kf2
Ra8 34. Nc7 Rb8 35. Nd5 Nxd5 36. Rxd5 Rxb4 37. g4 Ke7 38. Ra5 Bd4+ 39. Kg3 Bb6
40. Ra2 Bc7+ 41. Kf2 Be5 42. Ra7+ Ke6 43. Ra2 Rb2+ 44. Rxb2 Bxb2 45. Kg3 Ke5
46. h4 g5 47. f4+ gxf4+ 48. Kf3 f6 49. Kf2 Ke4 50. Ke2 f3+ 51. Kf2 Kf4 52. g5
fxg5 53. hxg5 hxg5 54. Kg1 g4 55. Kh1 g3 56. Kg1 Bd4+ 57. Kf1 g2+ 58. Ke1 g1=Q+
59. Kd2 Qe3+ 60. Kc2 Qc3+ 61. Kd1 Qb2 62. Ke1 Qe2# 0-1

[Event "51 CIS serie B/4"]
[Site "?"]
[Date "2019.03.17"]
[Round "4.3"]
[White "Lombardo, Filippo"]
[Black "Pannella, Leopoldo"]
[Result "0-1"]
[WhiteElo "1723"]
[BlackElo "1877"]
[PlyCount "62"]
[EventDate "2019.??.??"]
[WhiteTeam "Alto Garda"]
[BlackTeam "Marrubiu Red Tal"]

1. e4 c5 2. Nf3 d6 3. Bb5+ Nd7 4. O-O a6 5. Bxd7+ Bxd7 6. Re1 g6 7. c3 Bg7 8.
d3 e5 9. Nbd2 Ne7 10. Nf1 O-O 11. h3 h6 12. Be3 Kh7 13. N3h2 f5 14. exf5 Nxf5
15. Qd2 Bc6 16. Ng4 Nxe3 17. Rxe3 h5 18. Ngh2 Bh6 19. Rae1 Qd7 20. d4 cxd4 21.
cxd4 Bxe3 22. Rxe3 exd4 23. Qxd4 Rae8 24. g4 Rxe3 25. Nxe3 Qe6 26. gxh5 gxh5
27. Qh4 Qg6+ 28. Kf1 Qb1+ 29. Ke2 Bb5+ 30. Kd2 Qd3+ 31. Kc1 Rc8+ 0-1

[Event "51 CIS serie B/4"]
[Site "?"]
[Date "2019.03.17"]
[Round "4.4"]
[White "Pani, Paolo"]
[Black "Arifi, Krenar"]
[Result "1/2-1/2"]
[WhiteElo "1833"]
[BlackElo "1622"]
[PlyCount "116"]
[EventDate "2019.??.??"]
[WhiteTeam "Marrubiu Red Tal"]
[BlackTeam "Alto Garda"]

1. e4 c5 2. Nf3 Nc6 3. Nc3 Nf6 4. d4 cxd4 5. Nxd4 e5 6. Ndb5 d6 7. Bg5 a6 8.
Bxf6 gxf6 9. Na3 f5 10. Qh5 fxe4 11. Bc4 d5 12. Bxd5 Qf6 13. Nxe4 Qf5 14. Ng5
Nd8 15. Be4 Qg4 16. Qxg4 Bxg4 17. f3 Bd7 18. Nc4 Be7 19. Nb6 Rb8 20. Nxd7 Kxd7
21. Bf5+ Kc7 22. Ne4 Nc6 23. c3 b5 24. O-O-O Rbd8 25. Rxd8 Rxd8 26. Bxh7 b4 27.
Bf5 bxc3 28. bxc3 Ba3+ 29. Kc2 Ne7 30. Bh3 Nd5 31. Kb3 Be7 32. a4 Ne3 $11 33.
Re1 Rb8+ 34. Ka2 Nc4 35. Re2 Nb6 36. Rd2 a5 37. c4 Bf8 38. c5 Nxa4 39. Rd7+ Kc6
40. Rxf7 Nxc5 41. Nxc5 Bxc5 42. Bf5 Bd4 43. Be4+ Kd6 44. Rb7 Rxb7 45. Bxb7 Ke6
46. Be4 Kf6 47. h4 Bf2 48. h5 Kg5 49. g4 Bc5 50. Kb3 Be3 51. Bc2 Kf6 52. Kc4
Bf4 53. Kd5 Bg5 54. Kd6 Bf4 55. Bb3 Bg5 56. Kd7 Bf4 57. Ke8 Bh6 58. Bc2 Bg7
1/2-1/2

[Event "51 CIS serie B/4"]
[Site "?"]
[Date "2019.03.17"]
[Round "5.1"]
[White "Mameli, Gianluca"]
[Black "Mosca, Leonildo"]
[Result "1-0"]
[WhiteElo "2101"]
[BlackElo "2107"]
[PlyCount "53"]
[EventDate "2019.??.??"]
[WhiteTeam "Marrubiu Red Tal"]
[BlackTeam "Clodiense 1"]

1. e4 Nf6 2. e5 Nd5 3. d4 d6 4. exd6 exd6 5. Bd3 Be7 6. Ne2 Bg4 7. O-O O-O 8.
c3 Bh5 9. Qb3 Nb6 10. Nf4 Bg4 11. Be3 d5 12. a4 a5 13. h3 Bc8 14. Nd2 c6 15.
Qc2 h6 16. c4 Na6 17. Qc1 Nb4 18. Bb1 dxc4 19. Nxc4 N6d5 20. Nxd5 cxd5 21. Ne5
Be6 22. Ra3 Rc8 23. Rc3 Bd6 24. Bxh6 Qh4 25. Bf4 g5 26. Bxg5 Qxd4 27. Bf6 1-0

[Event "51 CIS serie B/4"]
[Site "?"]
[Date "2019.03.17"]
[Round "5.2"]
[White "Litrico, Paolo"]
[Black "Sonis, Luca"]
[Result "0-1"]
[WhiteElo "1877"]
[BlackElo "1913"]
[PlyCount "116"]
[EventDate "2019.??.??"]
[WhiteTeam "Clodiense 1"]
[BlackTeam "Marrubiu Red Tal"]

1. d4 d5 2. Bf4 Nf6 3. e3 e6 4. Nf3 Be7 5. Ne5 O-O 6. Nd2 Nbd7 7. Bd3 c5 8. c3
c4 9. Bc2 Nxe5 10. dxe5 Nd7 11. Qh5 g6 12. Qh3 Bg5 13. g3 Nc5 14. Nf3 f6 15.
Bxg5 fxg5 16. Qg4 Qb6 17. Rb1 Nd3+ 18. Bxd3 cxd3 19. Nd2 Rf5 20. Qd4 Qa6 21. a3
Bd7 22. e4 Rf7 23. O-O Raf8 24. c4 dxc4 25. Nxc4 Bb5 26. Nd6 Rf3 27. Rbd1 Ba4
28. Rd2 Bc2 29. Qb4 b6 30. Nb5 R3f7 31. Nd4 Qc8 32. Qd6 Re8 33. Rc1 Rd7 34.
Rcxc2 dxc2 35. Rxc2 Qxc2 36. Qxd7 Qb1+ 37. Kg2 Rf8 38. Qxe6+ Kh8 39. Qg4 Qxb2
40. Nf3 Qxa3 41. e6 h6 42. Ne5 Rxf2+ 43. Kxf2 Qb2+ 44. Qe2 Qxe5 45. Qc4 Kg7 46.
Qc6 Kf6 47. e7+ Kxe7 48. Qb7+ Ke6 49. Qxa7 Qd4+ 50. Kf1 Qxe4 51. Qxb6+ Kf7 52.
Qb3+ Kf6 53. Qb6+ Kf5 54. Qf2+ Kg4 55. Kg1 h5 56. h4 gxh4 57. gxh4 Qf3 58. Qd4+
Kh3 0-1

[Event "51 CIS serie B/4"]
[Site "?"]
[Date "2019.03.17"]
[Round "5.3"]
[White "Pannella, Leopoldo"]
[Black "Bacchini, Stefano"]
[Result "1-0"]
[WhiteElo "1877"]
[BlackElo "1970"]
[PlyCount "93"]
[EventDate "2019.??.??"]
[WhiteTeam "Marrubiu Red Tal"]
[BlackTeam "Clodiense 1"]

1. e4 Nf6 2. e5 Nd5 3. d4 d6 4. c4 Nb6 5. exd6 exd6 6. Be3 Nc6 7. Nc3 Be7 8. b3
Bf6 9. Rc1 O-O 10. Nf3 Bg4 11. Be2 d5 12. c5 Nc8 13. O-O N8e7 14. h3 Bxf3 15.
Bxf3 Nb4 16. a3 Na6 17. b4 c6 18. Qd3 Nc7 19. b5 Ne6 20. Rb1 Qc7 21. Ne2 Bg5
22. Bxg5 Nxg5 23. Rb4 Nxf3+ 24. Qxf3 g6 25. Rfb1 Rab8 26. Qb3 Rfe8 27. Qg3 Qc8
28. Qf3 b6 29. a4 Qd7 30. Nf4 Rec8 31. Nd3 bxc5 32. dxc5 Qc7 33. Qf6 Qd7 34.
Qc3 Qc7 35. b6 Qb7 36. a5 a6 37. Ne5 Nf5 38. Ng4 Ng7 39. Nf6+ Kh8 40. h4 h5 41.
Qd2 Nf5 42. Rf4 Kg7 43. Rxf5 Qe7 44. Qd4 Kh6 45. Rxh5+ gxh5 46. Qf4+ Kg6 47.
Rb3 1-0